Πιτυός : ιστορία του χωριού μου

Αποθηκεύτηκε σε:
Λεπτομέρειες βιβλιογραφικής εγγραφής
Κύριος συγγραφέας: Χειλάς, Γεώργιος Στυλιανού
Μορφή: Βιβλίο
Γλώσσα:Greek
Δημοσίευση: [χ.τ.] : Αθηνά, 1989
Θέματα:
Ετικέτες: Προσθήκη ετικέτας
Δεν υπάρχουν, Καταχωρήστε ετικέτα πρώτοι!

MARC

LEADER 00000cam a2200000 i 4500
001 1/59556
008 020319s1989 gr | ||| |||| ||gre||
035 |l 10000521 
040 |a GR-MY-UA  |b gre  |e aacr 
041 0 |a gre 
082 0 |a 390.09499 
100 1 |a Χειλάς, Γεώργιος Στυλιανού. 
245 1 0 |a Πιτυός :  |b ιστορία του χωριού μου /  |c Γεώργιος Στυλιανού Χειλάς 
260 |a [χ.τ.] :   |b Αθηνά,   |c 1989 
300 |a 288 σ.  |b εικ. 
504 |a Περιλαμβάνει βιβλιογραφία 
650 0 0 |a Folklore  |z Greece  |z Chios (Municipality) 
650 0 0 |a Folklore  |x History  |z Greece  |z Chios (Municipality) 
651 0 |a Chios (Greece : Municipality)  |x Social life and customs. 
852 |a INST  |b CHIOS  |e 20020319  |h 390.09499 ΧΕΙ  |p 005200020018  |q 005200020018  |t BK  |y 0 
901 |a BIBL2-2002-1 
909 |a Χ  |b 099729 
922 |a 2ΕΛΗ  |b 200111  |c ΒΙΒΛΙΟΘΗΚΗ ΧΙΟΥ  |d ΚΡΟΜΜΥΔΑΣ 
970 |a ΣΑΛΑΜΟΥΡΑ  |b ΜΑΡΙΑ  |z 2002/03/19